[Event "Europa ch s-18"]
[Site "Herceg Novi MNT"]
[Date "2008.09.21"]
[Round "6.5"]
[White "Saric, Ivan"]
[Black "Anton, Teodor"]
[Result "1/2-1/2"]
[WhiteElo "2511"]
[BlackElo "2353"]
[PlyCount "122"]
[EventDate "2008.09.15"]
[EventType "swiss"]
[EventRounds "9"]
[Source "lmi"]
[SourceDate "2008.09.15"]

1. e4 e5 2. Nf3 Nc6 3. Bc4 Bc5 4. c3 Nf6 5. d3 d6 6. O-O a6 7. Re1 Ba7 8. Bb3
O-O 9. h3 Kh8 10. d4 Qe8 11. Qd3 Bd7 12. Nbd2 Nh5 13. Nc4 f5 14. dxe5 b5 15. e6
Bxe6 16. Ncd2 Bxb3 17. axb3 Nf4 18. Qf1 fxe4 19. Rxe4 Qg6 20. Kh2 d5 21. Rxf4
Rxf4 22. Rxa6 Qe8 23. Qxb5 Rf6 24. Ra4 Rd8 25. Nf1 Rf8 26. Be3 Bxe3 27. Nxe3
Ne5 28. Qxe8 Nxf3+ 29. Kg3 Rdxe8 30. gxf3 c6 31. f4 g6 32. Rd4 Re6 33. b4 h5
34. b5 Rb8 35. bxc6 Rxc6 36. Rd2 Rc5 37. f5 Kg7 38. fxg6 Rb6 39. f4 Rxg6+ 40.
Kf3 Kf7 41. Nxd5 h4 42. Ke4 Rg3 43. Kd4 Rc8 44. Rh2 Rg1 45. Rd2 Rg3 46. Rd3
Rxd3+ 47. Kxd3 Rg8 48. Ke2 Rg2+ 49. Kf3 Rg3+ 50. Kf2 Rxh3 51. b4 Rd3 52. c4
Rd2+ 53. Kg1 Ke6 54. Ne3 h3 55. b5 Re2 56. Nf1 Rg2+ 57. Kh1 Rc2 58. Ng3 Rg2 59.
Nf1 Rb2 60. Ng3 Kf6 61. c5 Rxb5 1/2-1/2

[Event "Europa ch s-18"]
[Site "Herceg Novi MNT"]
[Date "2008.09.21"]
[Round "6.6"]
[White "Recuero Guerra, David"]
[Black "Nabaty, Tamir"]
[Result "1/2-1/2"]
[WhiteElo "2417"]
[BlackElo "2431"]
[PlyCount "91"]
[EventDate "2008.09.15"]
[EventType "swiss"]
[EventRounds "9"]
[Source "lmi"]
[SourceDate "2008.09.15"]

1. e4 e5 2. Nf3 Nc6 3. Bb5 Nf6 4. O-O Bc5 5. Nxe5 Nxe5 6. d4 a6 7. Be2 Ba7 8.
dxe5 Nxe4 9. Qd5 Qh4 10. g3 c6 11. Qc4 b5 12. Qb4 a5 13. Qa3 Qe7 14. Qxe7+ Kxe7
15. Bf3 Nc5 16. Bg5+ f6 17. exf6+ gxf6 18. Bd2 Bb8 19. Re1+ Ne6 20. Na3 d5 21.
c3 h5 22. Nc2 Kf7 23. a4 bxa4 24. Rxa4 Ng5 25. Bg2 Nh3+ 26. Bxh3 Bxh3 27. Rea1
Bc7 28. c4 Be5 29. cxd5 cxd5 30. Rxa5 Rxa5 31. Rxa5 Rc8 32. Ne1 Ke6 33. Rb5 Ra8
34. Rb3 Ra1 35. Re3 Kf5 36. Rf3+ Kg6 37. Rd3 Rd1 38. Bb4 Rb1 39. Rxd5 Bxb2 40.
Ba5 Ra1 41. f3 Bc1 42. Bb6 Ba3 43. Kf2 Ra2+ 44. Kg1 Ra1 45. Kf2 Ra2+ 46. Kg1
1/2-1/2

[Event "Europa ch s-18"]
[Site "Herceg Novi MNT"]
[Date "2008.09.21"]
[Round "6.8"]
[White "Vila Gazquez, Xavier"]
[Black "Krejci, Jan"]
[Result "1-0"]
[WhiteElo "2419"]
[BlackElo "2305"]
[PlyCount "67"]
[EventDate "2008.09.15"]
[EventType "swiss"]
[EventRounds "9"]
[Source "lmi"]
[SourceDate "2008.09.15"]

1. e4 c5 2. b3 Nc6 3. Bb2 d6 4. Bb5 Bd7 5. f4 a6 6. Bxc6 Bxc6 7. d3 d5 8. Nd2
dxe4 9. dxe4 e6 10. Ngf3 Nf6 11. Qe2 Be7 12. Ne5 Qc7 13. g4 Nd7 14. Nxc6 Qxc6
15. Bxg7 Rg8 16. Bc3 Bh4+ 17. Kd1 e5 18. f5 O-O-O 19. Kc1 Bg5 20. Kb2 Bxd2 21.
Qxd2 Rxg4 22. Rad1 Rxe4 23. Rhg1 Rf8 24. Rg7 h5 25. Rh7 Rh4 26. Rh6 f6 27. Rh7
Nb6 28. Qh6 Re8 29. Rh8 Rxh2 30. Ba5 Na4+ 31. bxa4 b6 32. Rxe8+ Qxe8 33. Bc3 e4
34. Qxf6 1-0

[Event "Europa ch s-18"]
[Site "Herceg Novi MNT"]
[Date "2008.09.21"]
[Round "6.9"]
[White "Benidze, Davit"]
[Black "Potapov, Pavel"]
[Result "1-0"]
[WhiteElo "2389"]
[BlackElo "2418"]
[PlyCount "105"]
[EventDate "2008.09.15"]
[EventType "swiss"]
[EventRounds "9"]
[Source "lmi"]
[SourceDate "2008.09.15"]

1. d4 d5 2. Nf3 Nf6 3. c4 c6 4. e3 e6 5. Nbd2 Nbd7 6. Bd3 Bd6 7. O-O O-O 8. e4
dxe4 9. Nxe4 Nxe4 10. Bxe4 Qc7 11. Re1 b6 12. Qc2 h6 13. Be3 Bb7 14. c5 Be7 15.
b4 Rfd8 16. Qc1 Bf8 17. Bf4 Qc8 18. Bb1 Nf6 19. Be5 Nd5 20. Qc2 f5 21. a3 Be7
22. Ba2 a5 23. Bxd5 Rxd5 24. Nd2 Ba6 25. Nb1 bxc5 26. bxc5 Qe8 27. Nc3 Rdd8 28.
Na4 Qf7 29. Qc3 Bf6 30. Nb6 Ra7 31. Bd6 f4 32. Re4 g5 33. Rae1 Re8 34. Qh3 Kg7
35. Rxe6 Rxe6 36. Rxe6 Qg6 37. Qb3 a4 38. Qd1 Qf5 39. Re1 f3 40. Qxf3 Qxf3 41.
gxf3 Bxd4 42. Re4 Bf6 43. Rxa4 h5 44. h3 Kf7 45. Nc4 Ra8 46. Nb6 Ra7 47. Bb8
Rb7 48. Rxa6 Rxb8 49. Ra7+ Kg6 50. Rc7 Rd8 51. Rxc6 Rd1+ 52. Kg2 Kf5 53. Rxf6+
1-0

[Event "Europa ch s-18"]
[Site "Herceg Novi MNT"]
[Date "2008.09.21"]
[Round "6.11"]
[White "Burg, Twan"]
[Black "Bojchev, Marian"]
[Result "1-0"]
[WhiteElo "2359"]
[BlackElo "2406"]
[PlyCount "69"]
[EventDate "2008.09.15"]
[EventType "swiss"]
[EventRounds "9"]
[Source "lmi"]
[SourceDate "2008.09.15"]

1. e4 c5 2. Nf3 e6 3. d4 cxd4 4. Nxd4 Nf6 5. Nc3 d6 6. Be3 Nc6 7. f3 a6 8. Qd2
Qc7 9. O-O-O b5 10. Nxc6 Qxc6 11. e5 b4 12. Ne4 Nd5 13. Nxd6+ Bxd6 14. exd6
Qxd6 15. Qf2 Bb7 16. Bc5 Qc7 17. a3 bxa3 18. Bxa3 f6 19. Bd3 Kf7 20. Rhe1 Qxh2
21. c4 Qc7 22. Kb1 Nf4 23. Bc2 Rad8 24. Rxd8 Rxd8 25. Qh4 Qxc4 26. g3 Rd2 27.
Bxh7 Bxf3 28. gxf4 Re2 29. Rg1 Be4+ 30. Bxe4 Qxe4+ 31. Ka1 Re3 32. Qh5+ Kg8 33.
Qe8+ Kh7 34. Rxg7+ Kxg7 35. Bf8+ 1-0

[Event "Europa ch s-18"]
[Site "Herceg Novi MNT"]
[Date "2008.09.21"]
[Round "6.13"]
[White "Martinovic, Sasa"]
[Black "Rahmanov, Shakhiyar"]
[Result "1/2-1/2"]
[WhiteElo "2395"]
[BlackElo "2145"]
[PlyCount "61"]
[EventDate "2008.09.15"]
[EventType "swiss"]
[EventRounds "9"]
[Source "lmi"]
[SourceDate "2008.09.15"]

1. d4 d5 2. c4 e6 3. Nc3 f5 4. Nf3 Nf6 5. Bf4 c6 6. e3 Be7 7. Be2 O-O 8. O-O
Ne4 9. Nxe4 fxe4 10. Nd2 Bg5 11. Bg3 Nd7 12. b4 Bh4 13. Qb3 Bxg3 14. hxg3 Nf6
15. b5 Bd7 16. a4 Qe7 17. Qa3 Qf7 18. Nb3 dxc4 19. bxc6 cxb3 20. cxd7 Qxd7 21.
Qxb3 Rac8 22. Qb5 Rc7 23. Bc4 Qd6 24. Ba2 Nd5 25. Bxd5 exd5 26. Rac1 a6 27. Qa5
Rfc8 28. Rb1 Qd7 29. Qb6 h6 30. a5 Kh7 31. Kh2 1/2-1/2

[Event "Europa ch s-18"]
[Site "Herceg Novi MNT"]
[Date "2008.09.21"]
[Round "6.15"]
[White "Dzalbo, Andrejs"]
[Black "Shukh, Nikolai"]
[Result "0-1"]
[WhiteElo "2102"]
[BlackElo "2370"]
[PlyCount "42"]
[EventDate "2008.09.15"]
[EventType "swiss"]
[EventRounds "9"]
[Source "lmi"]
[SourceDate "2008.09.15"]

1. d4 Nf6 2. Nf3 g6 3. Bg5 Bg7 4. e3 O-O 5. Nbd2 c5 6. c3 b6 7. Bd3 Nc6 8. O-O
Bb7 9. a3 d6 10. Qe2 a6 11. b4 cxd4 12. cxd4 h6 13. Bh4 b5 14. Ne4 Nd5 15. Rac1
Rc8 16. Bxb5 axb5 17. Qxb5 Qd7 18. Nfd2 Nb8 19. Qa5 g5 20. Bxg5 hxg5 21. Nxg5
Nxe3 0-1

[Event "Europa ch s-18"]
[Site "Herceg Novi MNT"]
[Date "2008.09.21"]
[Round "6.16"]
[White "Blomqvist, Erik"]
[Black "Levin, Evgeny A"]
[Result "0-1"]
[WhiteElo "2322"]
[BlackElo "2488"]
[PlyCount "80"]
[EventDate "2008.09.15"]
[EventType "swiss"]
[EventRounds "9"]
[Source "lmi"]
[SourceDate "2008.09.15"]

1. e4 c5 2. Nf3 d6 3. d4 cxd4 4. Nxd4 Nf6 5. Nc3 a6 6. Bc4 e6 7. O-O b5 8. Bb3
Be7 9. Qf3 Qb6 10. Be3 Qb7 11. Qg3 Nbd7 12. f3 O-O 13. Nd5 Bd8 14. Nxf6+ Bxf6
15. c3 Qb8 16. Rad1 Qc7 17. Bxe6 fxe6 18. Nxe6 Qc4 19. Nxf8 Nxf8 20. Qxd6 Be6
21. e5 Bd8 22. b3 Qxc3 23. Bc5 Bg5 24. Rd3 Qc2 25. Rf2 Qb1+ 26. Rd1 Qf5 27. f4
Bh4 28. g3 Nd7 29. Rfd2 Rc8 30. Bf2 Qg4 31. Qxa6 Rf8 32. Qxb5 Rf7 33. Qc6 h5
34. Qg2 Bd8 35. Rd4 Bb6 36. Rd6 Bxf2+ 37. Qxf2 Nxe5 38. Qe3 Nf3+ 39. Kg2 Qh3+
40. Kxf3 Bg4+ 0-1

[Event "Europa ch s-18"]
[Site "Herceg Novi MNT"]
[Date "2008.09.21"]
[Round "6.17"]
[White "Samolins, Vitalijs"]
[Black "Gutenev, Alexander"]
[Result "1-0"]
[WhiteElo "2444"]
[BlackElo "2280"]
[PlyCount "113"]
[EventDate "2008.09.15"]
[EventType "swiss"]
[EventRounds "9"]
[Source "lmi"]
[SourceDate "2008.09.15"]

1. e4 c5 2. Nc3 Nc6 3. g3 g6 4. Bg2 Bg7 5. d3 d6 6. f4 e6 7. Nf3 Nge7 8. O-O
O-O 9. Be3 Nd4 10. e5 Nef5 11. Bf2 Nxf3+ 12. Qxf3 Nd4 13. Qd1 dxe5 14. fxe5
Bxe5 15. Ne4 f5 16. Nxc5 Qd6 17. b4 Nc6 18. Rb1 Bd4 19. Bxc6 Bxf2+ 20. Rxf2
Qxc6 21. Qf3 Qxf3 22. Rxf3 b6 23. Nb3 Kf7 24. Re1 Re8 25. Rfe3 Kf6 26. Nd4 Bd7
27. c4 a6 28. Nf3 Bc6 29. Ne5 Rac8 30. a4 Red8 31. g4 Bxa4 32. g5+ Kg7 33. Nf3
Rc6 34. Rxe6 Rxe6 35. Rxe6 Rxd3 36. Kf2 Bb3 37. Ne5 Rd4 38. Re7+ Kf8 39. Rxh7
Bxc4 40. Nxg6+ Kg8 41. Rb7 Bb5 42. h4 Be8 43. Rxb6 Kh7 44. Ne7 Bd7 45. Rb7 Kh8
46. Ng6+ Kg8 47. h5 Be8 48. Ne7+ Kf8 49. h6 Rf4+ 50. Ke3 Re4+ 51. Kf3 Rh4 52.
Nxf5 Bc6+ 53. Kg3 Rh5 54. Rg7 Be4 55. Kf4 Bd3 56. Rd7 Bb5 57. Rc7 1-0

[Event "Europa ch s-18"]
[Site "Herceg Novi MNT"]
[Date "2008.09.21"]
[Round "6.18"]
[White "Matsenko, Sergei"]
[Black "Kvisla, Johannes Luangtep"]
[Result "1-0"]
[WhiteElo "2440"]
[BlackElo "2180"]
[PlyCount "83"]
[EventDate "2008.09.15"]
[EventType "swiss"]
[EventRounds "9"]
[Source "lmi"]
[SourceDate "2008.09.15"]

1. e4 e6 2. d4 d5 3. Nd2 Nf6 4. e5 Nfd7 5. c3 c5 6. Bd3 Nc6 7. Ne2 cxd4 8. cxd4
f6 9. exf6 Nxf6 10. Nf3 Bd6 11. O-O Qc7 12. Bg5 O-O 13. Qc2 h6 14. Bh4 Nh5 15.
Bh7+ Kh8 16. Bg6 Rxf3 17. Bxh5 Bxh2+ 18. Kh1 Rf8 19. f4 Bxf4 20. Nxf4 Rxf4 21.
Bg3 Rxf1+ 22. Rxf1 Qd8 23. Rf7 Nxd4 24. Qc5 Qg5 25. Bh2 Nf5 26. g4 Ne3 27. Rf3
Nf5 28. Qf8+ Kh7 29. Qe8 e5 30. Qxe5 Nh4 31. Rf7 b6 32. Bf4 Nf3 33. Qc3 Qh4+
34. Kg2 Ne1+ 35. Kg1 d4 36. Qc6 Be6 37. Qxe6 Nf3+ 38. Kf1 Qh1+ 39. Kf2 Qg1+ 40.
Kxf3 Qf1+ 41. Ke4 Qb1+ 42. Kd5 1-0

[Event "Europa ch s-18"]
[Site "Herceg Novi MNT"]
[Date "2008.09.21"]
[Round "6.24"]
[White "Green, Andrew D"]
[Black "Kulakov, Viacheslav"]
[Result "0-1"]
[WhiteElo "2038"]
[BlackElo "2360"]
[PlyCount "52"]
[EventDate "2008.09.15"]
[EventType "swiss"]
[EventRounds "9"]
[Source "lmi"]
[SourceDate "2008.09.15"]

1. e4 c6 2. d4 d5 3. e5 Bf5 4. Be3 e6 5. Nd2 Nd7 6. Nb3 Ne7 7. f4 h5 8. Nf3 Nc8
9. Be2 Be7 10. O-O Bg6 11. Qd2 Qc7 12. Kh1 Ncb6 13. Nc5 Nc4 14. Bxc4 dxc4 15.
Nxd7 Qxd7 16. b3 Qd5 17. Qc3 cxb3 18. axb3 Qb5 19. d5 cxd5 20. Nd4 Qb4 21. Qc7
Bd8 22. Ra4 Bxc7 23. Rxb4 Bb6 24. f5 exf5 25. Nxf5 Bxf5 26. Bxb6 axb6 0-1

[Event "Europa ch s-18"]
[Site "Herceg Novi MNT"]
[Date "2008.09.21"]
[Round "6.25"]
[White "Pereira, Ruben"]
[Black "Opinca, Sorin"]
[Result "1-0"]
[WhiteElo "2418"]
[BlackElo "2175"]
[PlyCount "53"]
[EventDate "2008.09.15"]
[EventType "swiss"]
[EventRounds "9"]
[Source "lmi"]
[SourceDate "2008.09.15"]

1. e4 c5 2. Nf3 e6 3. d4 cxd4 4. Nxd4 Nf6 5. Nc3 d6 6. g4 h6 7. h3 Nc6 8. Be3
a6 9. Bg2 Qc7 10. f4 Bd7 11. Nb3 b6 12. Qe2 Bc8 13. O-O-O Nd7 14. e5 dxe5 15.
f5 Nc5 16. Bxc5 Bxc5 17. Qe4 Bb7 18. fxe6 Na5 19. exf7+ Kf8 20. Nd5 Nxb3+ 21.
axb3 Bxd5 22. Rxd5 Rc8 23. Rxe5 Be7 24. Re1 Bf6 25. Re8+ Kxf7 26. Qe6+ Kg6 27.
Qf5+ 1-0

[Event "Europa ch s-18"]
[Site "Herceg Novi MNT"]
[Date "2008.09.21"]
[Round "6.30"]
[White "Posedaru, Bogdan"]
[Black "Acarbay, Aydin"]
[Result "1-0"]
[WhiteElo "2244"]
[BlackElo "1825"]
[PlyCount "63"]
[EventDate "2008.09.15"]
[EventType "swiss"]
[EventRounds "9"]
[Source "lmi"]
[SourceDate "2008.09.15"]

1. d4 Nf6 2. c4 c5 3. d5 b5 4. cxb5 a6 5. bxa6 g6 6. Nc3 Bxa6 7. g3 d6 8. Bg2
Bg7 9. Nf3 O-O 10. Rb1 Nbd7 11. b3 Nb6 12. O-O Bb7 13. Ne1 Qc7 14. Bb2 Rfb8 15.
Nc2 Qd7 16. Re1 Ba6 17. Ba1 Nc8 18. b4 cxb4 19. Nxb4 Bc4 20. Qd4 Nb6 21. Nc6
Ng4 22. Qe4 Be5 23. Nxb8 Rxb8 24. Qc2 Qa7 25. Na4 Ba6 26. Nxb6 Rxb6 27. Rxb6
Qxb6 28. Rb1 Qa7 29. Qa4 h5 30. Qe8+ Kh7 31. Bxe5 dxe5 32. Qxf7+ 1-0

[Event "Europa ch s-18"]
[Site "Herceg Novi MNT"]
[Date "2008.09.21"]
[Round "6.31"]
[White "Plaskan, Jure"]
[Black "Izso, Daniel"]
[Result "1/2-1/2"]
[WhiteElo "2149"]
[BlackElo "2233"]
[PlyCount "83"]
[EventDate "2008.09.15"]
[EventType "swiss"]
[EventRounds "9"]
[Source "lmi"]
[SourceDate "2008.09.15"]

1. e4 c5 2. Nf3 Nc6 3. d4 cxd4 4. Nxd4 Nf6 5. Nc3 e5 6. Ndb5 d6 7. Bg5 a6 8.
Na3 b5 9. Nd5 Be7 10. Bxf6 Bxf6 11. c4 b4 12. Nc2 a5 13. Qf3 Bg5 14. h4 Bh6 15.
g4 Bf4 16. Nxf4 exf4 17. Qxf4 Ne5 18. Ne3 O-O 19. Be2 Re8 20. Rd1 Qe7 21. h5 h6
22. Qg3 f6 23. f3 a4 24. Qf2 Be6 25. Nd5 Bxd5 26. Rxd5 b3 27. a3 Kh8 28. Qd4
Rec8 29. Kf2 Rc6 30. Rd1 Nf7 31. Rb5 Ng5 32. Qd5 Qa7+ 33. Qd4 Qc7 34. Rd5 Nf7
35. Qe3 Ne5 36. R1d2 Nxc4 37. Bxc4 Rxc4 38. Rxd6 Rc2 39. Qf4 Qc5+ 40. Kg3 Qg1+
41. Kh3 Qh1+ 42. Kg3 1/2-1/2

[Event "Europa ch s-18"]
[Site "Herceg Novi MNT"]
[Date "2008.09.21"]
[Round "6.33"]
[White "Vukcevic, Nemanja"]
[Black "Homatidis, Panagiotis"]
[Result "1/2-1/2"]
[WhiteElo "1884"]
[BlackElo "2037"]
[PlyCount "71"]
[EventDate "2008.09.15"]
[EventType "swiss"]
[EventRounds "9"]
[Source "lmi"]
[SourceDate "2008.09.15"]

1. e4 c5 2. Nf3 d6 3. d4 cxd4 4. Qxd4 Nf6 5. Bg5 Nc6 6. Bb5 e5 7. Qd3 Be7 8.
Nc3 a6 9. Bxc6+ bxc6 10. O-O h6 11. Bxf6 Bxf6 12. Rfd1 Be7 13. Na4 Qa5 14. b3
O-O 15. c4 Bg4 16. Rac1 f5 17. Rc3 Rad8 18. h3 Bxf3 19. Qxf3 fxe4 20. Qxe4 Qc7
21. g3 Rf6 22. b4 Rdf8 23. Rd2 Qd7 24. Rcd3 Rf5 25. Nc3 Rg5 26. Qg2 Rg6 27. Ne4
Rd8 28. Nxd6 Rxd6 29. Rxd6 Bxd6 30. c5 Qc7 31. cxd6 Rxd6 32. Rxd6 Qxd6 33. Qe4
Kf8 34. Qc4 Qd1+ 35. Kh2 Qf3 36. Kg1 1/2-1/2

[Event "Europa ch s-18"]
[Site "Herceg Novi MNT"]
[Date "2008.09.21"]
[Round "6.36"]
[White "Vajic, Goran"]
[Black "Pasku, Llambi"]
[Result "0-1"]
[WhiteElo "2061"]
[BlackElo "2086"]
[PlyCount "94"]
[EventDate "2008.09.15"]
[EventType "swiss"]
[EventRounds "9"]
[Source "lmi"]
[SourceDate "2008.09.15"]

1. e4 c6 2. d4 d5 3. Nd2 dxe4 4. Nxe4 Bf5 5. Ng3 Bg6 6. Nf3 Nd7 7. Bd3 Bxd3 8.
Qxd3 e6 9. O-O Bd6 10. Re1 Ne7 11. Ne4 Nf6 12. c4 Nxe4 13. Qxe4 h6 14. Bd2 O-O
15. Bc3 Ng6 16. Rad1 Re8 17. Ne5 Nf8 18. Qg4 Qg5 19. Qf3 f6 20. Nd3 Rad8 21. g3
Ng6 22. Qg2 h5 23. h4 Qf5 24. Re3 c5 25. Re4 cxd4 26. Rxd4 e5 27. Rd5 Ne7 28.
Nc5 Nxd5 29. Qxd5+ Kh7 30. Qe4 Qxe4 31. Nxe4 Be7 32. Rc1 Rd3 33. Kf1 Red8 34.
Ke2 f5 35. Nd2 e4 36. Nf1 Bf6 37. Bxf6 gxf6 38. Rc2 f4 39. gxf4 Rh3 40. Ng3
Rxh4 41. Ke3 Rh2 42. Kxe4 h4 43. Nf5 h3 44. Kf3 Rh1 45. c5 Rg1 46. Re2 h2 47.
Re7+ Kh8 0-1

[Event "Europa ch s-18"]
[Site "Herceg Novi MNT"]
[Date "2008.09.22"]
[Round "7.1"]
[White "Stupak, Kirill"]
[Black "Can, Emre"]
[Result "1/2-1/2"]
[WhiteElo "2458"]
[BlackElo "2460"]
[PlyCount "41"]
[EventDate "2008.09.15"]
[EventType "swiss"]
[EventRounds "9"]
[Source "lmi"]
[SourceDate "2008.09.15"]

1. d4 Nf6 2. g3 g6 3. Bg2 d5 4. Nf3 Bg7 5. O-O O-O 6. c4 dxc4 7. Na3 c3 8. bxc3
c5 9. Nc4 Nc6 10. Nfe5 Nd5 11. Nxc6 bxc6 12. Bd2 Ba6 13. Ne5 Bxe5 14. dxe5 Qc7
15. Qa4 Bxe2 16. Rfe1 Bd3 17. Qh4 c4 18. Be4 Rab8 19. Bg5 Rfe8 20. Bxd5 cxd5
21. Re3 1/2-1/2

[Event "Europa ch s-18"]
[Site "Herceg Novi MNT"]
[Date "2008.09.22"]
[Round "7.2"]
[White "Swiercz, Dariusz"]
[Black "Rozum, Ivan"]
[Result "1-0"]
[WhiteElo "2456"]
[BlackElo "2444"]
[PlyCount "123"]
[EventDate "2008.09.15"]
[EventType "swiss"]
[EventRounds "9"]
[Source "lmi"]
[SourceDate "2008.09.15"]

1. c4 g6 2. Nf3 Bg7 3. d4 c5 4. Nc3 cxd4 5. Nxd4 Nc6 6. Nc2 Bxc3+ 7. bxc3 Qa5
8. Bd2 Nf6 9. f3 d6 10. e4 Ne5 11. Qb1 O-O 12. Ne3 Qc5 13. Qb4 b6 14. Qxc5 bxc5
15. Nd5 Nxd5 16. cxd5 Rb8 17. h3 f5 18. f4 Nd7 19. exf5 gxf5 20. Rg1 Rb2 21.
Bc4 Rb6 22. a4 Ba6 23. a5 Bxc4 24. axb6 axb6 25. Ra7 Rd8 26. g4 Bxd5 27. g5 Kf7
28. h4 b5 29. Kf2 Nf8 30. h5 Rb8 31. Rd1 b4 32. cxb4 cxb4 33. Bc1 Rb5 34. Bb2
b3 35. Ke3 Bb7 36. Rd2 Ne6 37. Bc3 d5 38. Rb2 d4+ 39. Bxd4 Rb4 40. Be5 Bd5 41.
Ra5 Re4+ 42. Kd2 Bc4 43. g6+ hxg6 44. h6 Nf8 45. Ra8 Rxe5 46. fxe5 g5 47. Kc3
Be6 48. Rd2 Nh7 49. Rdd8 f4 50. Rg8 Bf5 51. Rg7+ Ke6 52. Ra6+ Kd5 53. e6 Nf6
54. Rxe7 f3 55. Ra5+ Ke4 56. Rf7 f2 57. Ra1 Ke5 58. e7 Bg6 59. h7 Bxf7 60. h8=Q
g4 61. Ra5+ Ke6 62. Ra1 1-0

[Event "Europa ch s-18"]
[Site "Herceg Novi MNT"]
[Date "2008.09.22"]
[Round "7.5"]
[White "Benidze, Davit"]
[Black "Chirila, Ioan Cristian"]
[Result "0-1"]
[WhiteElo "2389"]
[BlackElo "2425"]
[PlyCount "138"]
[EventDate "2008.09.15"]
[EventType "swiss"]
[EventRounds "9"]
[Source "lmi"]
[SourceDate "2008.09.15"]

1. d4 f5 2. Nc3 Nf6 3. Bg5 g6 4. Bxf6 exf6 5. e3 d5 6. h4 Be6 7. Qf3 Nc6 8. Nh3
Bd6 9. Bb5 Qd7 10. Nf4 Bxf4 11. Qxf4 a6 12. Bd3 Ne7 13. O-O-O O-O-O 14. b3 Kb8
15. Na4 Qc6 16. Kb2 Nc8 17. Nc5 a5 18. Rc1 Bf7 19. c4 Nd6 20. Qf3 Ka7 21. cxd5
Bxd5 22. Qe2 Qe8 23. Qe1 b6 24. Na6 c6 25. Nc7 Qd7 26. Nxd5 cxd5 27. h5 Rc8 28.
Rxc8 Rxc8 29. hxg6 hxg6 30. Rh6 Qg7 31. Qh1 Rc7 32. Qh2 Qd7 33. Qh1 Ne4 34. Qe1
Qg7 35. Rh1 Qe7 36. f3 Nc3 37. a3 Kb7 38. Qd2 b5 39. Rc1 b4 40. a4 Qh7 41. Re1
Qh4 42. Rg1 Qg3 43. Qe1 Qh2 44. Qf2 Re7 45. Re1 Kc7 46. Kc1 Kd8 47. Kd2 Ke8 48.
f4 Rh7 49. Qf3 Rh4 50. Qf2 Rg4 51. Rg1 Kf8 52. Qf1 Kg7 53. Be2 Rg3 54. Kd3 Ne4
55. Qc1 Nc3 56. Qf1 Kf7 57. Bf3 Ke7 58. Qe1 Rxf3 59. gxf3 Qb2 60. e4 fxe4+ 61.
fxe4 Nxe4 62. Rxg6 Kf7 63. Rg1 Qxb3+ 64. Ke2 Qxa4 65. Qh4 Qc2+ 66. Kf3 Qd3+ 67.
Kg4 f5+ 68. Kxf5 Nf6+ 69. Kg5 Qg6# 0-1

[Event "Europa ch s-18"]
[Site "Herceg Novi MNT"]
[Date "2008.09.22"]
[Round "7.6"]
[White "Shukh, Nikolai"]
[Black "Saric, Ivan"]
[Result "1-0"]
[WhiteElo "2370"]
[BlackElo "2511"]
[PlyCount "135"]
[EventDate "2008.09.15"]
[EventType "swiss"]
[EventRounds "9"]
[Source "lmi"]
[SourceDate "2008.09.15"]

1. e4 e5 2. Nf3 Nc6 3. Bb5 a6 4. Ba4 Nf6 5. O-O Bc5 6. d3 d6 7. c3 Ba7 8. Be3
b5 9. Bb3 O-O 10. Nbd2 Bb7 11. Bxa7 Nxa7 12. Re1 c5 13. Nf1 Nc6 14. Ng3 Re8 15.
Ng5 Rf8 16. Nf5 Bc8 17. Ne3 Rb8 18. Nf3 Bd7 19. Nh4 Ne7 20. Qf3 a5 21. a3 a4
22. Ba2 Be6 23. Nhf5 Nxf5 24. Nxf5 b4 25. axb4 cxb4 26. Bc4 Bxf5 27. Qxf5 a3
28. b3 bxc3 29. Rxa3 Ra8 30. Rxa8 Qxa8 31. Qg5 Qa3 32. Qc1 Qb2 33. g3 Ra8 34.
Kg2 Ra2 35. Qxb2 Rxb2 36. h3 Nd7 37. Rc1 c2 38. Kf3 Nb8 39. Bb5 g6 40. Ke3 Rxb3
41. Ba4 Rb2 42. Kd2 Kg7 43. Rxc2 Rxc2+ 44. Kxc2 Na6 45. Bd7 Kf6 46. Kc3 Ke7 47.
Bb5 Nc5 48. Bc4 g5 49. Kd2 Nd7 50. Ke3 Nf8 51. d4 Ng6 52. Be2 Kf6 53. Bh5 Nf8
54. Bg4 Ne6 55. Bxe6 fxe6 56. d5 exd5 57. exd5 Kf5 58. g4+ Kf6 59. Kd3 Kf7 60.
Kc4 Kf6 61. f3 e4 62. fxe4 Ke5 63. Kd3 Kf4 64. Kd4 h6 65. e5 dxe5+ 66. Kc3 e4
67. d6 e3 68. d7 1-0

[Event "Europa ch s-18"]
[Site "Herceg Novi MNT"]
[Date "2008.09.22"]
[Round "7.10"]
[White "Anton, Teodor"]
[Black "Samolins, Vitalijs"]
[Result "0-1"]
[WhiteElo "2353"]
[BlackElo "2444"]
[PlyCount "64"]
[EventDate "2008.09.15"]
[EventType "swiss"]
[EventRounds "9"]
[Source "lmi"]
[SourceDate "2008.09.15"]

1. d4 d5 2. c4 e6 3. Nf3 c6 4. Bg5 Be7 5. Bxe7 Qxe7 6. Nc3 f5 7. e3 Nd7 8. Bd3
Ngf6 9. cxd5 cxd5 10. O-O a6 11. Nd2 O-O 12. f3 b5 13. Nb3 Bb7 14. Qe2 Bc6 15.
a3 Nb6 16. Nc5 Nfd7 17. Nxd7 Qxd7 18. b3 Qd6 19. Qd2 Rac8 20. Ne2 Bb7 21. Qa5
Nd7 22. a4 b4 23. Rac1 e5 24. Rxc8 Bxc8 25. dxe5 Qxe5 26. Kh1 Qxe3 27. Qxd5+
Kh8 28. Rc1 Re8 29. h3 Ne5 30. Bc4 Be6 31. Qd1 Bxc4 32. bxc4 Nd3 0-1

[Event "Europa ch s-18"]
[Site "Herceg Novi MNT"]
[Date "2008.09.22"]
[Round "7.11"]
[White "Levin, Evgeny A"]
[Black "Pacher, Milan"]
[Result "1-0"]
[WhiteElo "2488"]
[BlackElo "2361"]
[PlyCount "55"]
[EventDate "2008.09.15"]
[EventType "swiss"]
[EventRounds "9"]
[Source "lmi"]
[SourceDate "2008.09.15"]

1. c4 Nf6 2. Nc3 e5 3. Nf3 Nc6 4. g3 Bb4 5. Bg2 O-O 6. Nd5 Bc5 7. d3 Nxd5 8.
cxd5 Nd4 9. Nd2 d6 10. e3 Nf5 11. Nc4 Ne7 12. a3 b5 13. d4 exd4 14. exd4 Bb6
15. Nxb6 axb6 16. O-O b4 17. Re1 Bb7 18. Qb3 bxa3 19. bxa3 Re8 20. a4 Qd7 21.
Bd2 Qf5 22. Qb5 Kf8 23. Rac1 Rec8 24. a5 Nxd5 25. a6 Rxa6 26. Rxc7 Ra7 27. Bxd5
Bxd5 28. Qxd5 1-0

[Event "Europa ch s-18"]
[Site "Herceg Novi MNT"]
[Date "2008.09.22"]
[Round "7.12"]
[White "Pavlidis, Anastasios"]
[Black "Matsenko, Sergei"]
[Result "1-0"]
[WhiteElo "2270"]
[BlackElo "2440"]
[PlyCount "73"]
[EventDate "2008.09.15"]
[EventType "swiss"]
[EventRounds "9"]
[Source "lmi"]
[SourceDate "2008.09.15"]

1. e4 c5 2. Nf3 Nc6 3. d4 cxd4 4. Nxd4 Qc7 5. Nc3 e6 6. Be2 a6 7. O-O Nf6 8.
Be3 Be7 9. f4 d6 10. a4 O-O 11. Kh1 Re8 12. Bf3 Bf8 13. Nb3 Nd7 14. Qd2 b6 15.
Qf2 Bb7 16. Nd2 Nb4 17. Rac1 g6 18. f5 Bg7 19. e5 Bxf3 20. f6 Bxg2+ 21. Kxg2
Bh8 22. Qh4 Nd5 23. Bh6 Nxc3 24. bxc3 Nxe5 25. Ne4 Qc4 26. Rf4 d5 27. Ng5 Qe2+
28. Kh1 Qh5 29. Qg3 Qxh6 30. Rh4 Qf8 31. Qxe5 h6 32. Nf3 Rad8 33. Rf1 d4 34.
Qf4 Rd5 35. Ne5 dxc3 36. Nxg6 e5 37. Qg4 1-0

[Event "Europa ch s-18"]
[Site "Herceg Novi MNT"]
[Date "2008.09.22"]
[Round "7.13"]
[White "Potapov, Pavel"]
[Black "Martinovic, Sasa"]
[Result "1/2-1/2"]
[WhiteElo "2418"]
[BlackElo "2395"]
[PlyCount "55"]
[EventDate "2008.09.15"]
[EventType "swiss"]
[EventRounds "9"]
[Source "lmi"]
[SourceDate "2008.09.15"]

1. e4 e6 2. d4 d5 3. exd5 exd5 4. c4 Nf6 5. Nc3 Bb4 6. Nf3 O-O 7. Be2 dxc4 8.
Bxc4 Bg4 9. Be3 Nd5 10. Rc1 Nxe3 11. fxe3 c5 12. O-O Nc6 13. Nd5 cxd4 14. Nxb4
Nxb4 15. Qxd4 Bxf3 16. Rxf3 Nc6 17. Qf4 Qe7 18. e4 Ne5 19. Rfc3 Nxc4 20. Rxc4
Rad8 21. h3 h6 22. Kh2 Qe6 23. b3 Rd3 24. R1c3 Rd1 25. Rc1 Rfd8 26. Rxd1 Rxd1
27. Qf5 Qe7 28. Rc8+ 1/2-1/2